LPF - Nacionalidades 2026 - Estadísticas

Estadísticas generales
  • Esta prueba ha sido intentada 29 veces
    27 desde el último reinicio
  • La puntuación promedio es 14 de 18
Estadísticas de respuestas
Jugador Federación % Correcto
758 Aníbal Moreno Argentina
100%
2 Rick Brasil
100%
22 W. Alarcón Chile
100%
22 Kevin Castaño Colombia
100%
4 Kendry Paéz Ecuador
100%
1 Ander Herrera España
100%
37 Orlando Gill Paraguay
100%
44 Miguel Merentiel Uruguay
100%
1 M. Miljevic Estados Unidos
96%
1 T. Gigena México
96%
1 B. Reyna Perú
88%
1 Ryōga Kida Japón
81%
3 L. Zelarayán Armenia
69%
2 A. Módica Italia
65%
1 L. Blondel Suiza
58%
5 Jalil Elías Siria
46%
1 I. Machuca Malasia
19%
1 Wilfredo Rivera Puerto Rico
15%
No se encontraron pruebas coincidentes
Distribución de puntuación
Porcentaje de gente con cada puntuación
Porcentaje por número respondido
Historial de tus puntuaciones
No has intentado esta prueba desde el último reinicio